00826nam a22002417a 450000500170000001000110001702000100002803500110003803700160004904000120006508200150007711000780009224500650017025000110023526000420024627000110028830000250029965000600032465000370038494200240042199900190044595201200046420170124110249.0 a437301 c00.00 a437301 bCen Lib/Ret aDPLbEN a670.5bIND aGovernment of India, Directorate general of technical development 998335 aHandbook of indigenous manufacturers of engineering stores / a4th ed bManager of Publications aDelhic1964 bDelhi  axix,309p. c22cm(Hb) aManufacturing industries -- India -- Directories998336 aManufacturing industries9113639 2ddccENh670.5mIND c135754d135754 00104070aLbLd2015-10-08eCen Lib/Refg0.00l0o670.5 INDp437301r2015-10-08 00:00:00t1v0.00w2015-10-08yEN